Teoría de las formas en general y principalmente de las binarias. (Record no. 164078)

MARC details
000 -LEADER
campo de control de longitud fija 00712nam a2200181 i 4500
001 - NÚMERO DE CONTROL
campo de control 164078
003 - IDENTIFICADOR DE NÚMERO DE CONTROL
campo de control ES-MaACL
005 - FECHA Y HORA DE LA ÚLTIMA TRANSACCIÓN
campo de control 20250724074559.0
008 - DATOS DE LONGITUD FIJA--INFORMACIÓN GENERAL
campo de control de longitud fija 990531s1885 sp |||| | spa d
100 1# - ENTRADA PRINCIPAL--NOMBRE DE PERSONA
Nombre de persona Rubini, R.
9 (RLIN) 132144
245 10 - MENCIÓN DEL TÍTULO
Título Teoría de las formas en general y principalmente de las binarias.
Número de parte o sección de la obra Parte primera /
Mención de responsabilidad, etc. obra escrita en italiano por R. Rubini ; para ser traducida y publicada en español por Emilio Márquez y Villarroel.
260 ## - PUBLICACIÓN, DISTRIBUCIÓN, ETC.
Lugar de publicación, distribución, etc. Sevilla :
Nombre del editor, distribuidor, etc. [s.n.],
Fecha de publicación, distribución, etc. 1885 (
Fabricante Imp. de Salvador Acuña)
300 ## - DESCRIPCIÓN FÍSICA
Extensión 414, XVI p. ;
Dimensiones 22cm.
650 #7 - PUNTO DE ACCESO ADICIONAL DE MATERIA--TÉRMINO DE MATERIA
Término de materia o nombre geográfico como elemento de entrada Álgebra
Fuente del encabezamiento o término embne
9 (RLIN) 9720
700 1# - ENTRADA AGREGADA--NOMBRE PERSONAL
Nombre de persona Márquez Villarroel, Emilio.
9 (RLIN) 130344
852 ## - LOCALIZACIÓN
Ubicación ES-MaACL
Número de control de estantería F-5025
Nota libre - Enc. hol.
Holdings
Estatus retirado Estado de pérdida Estado de daño No para préstamo Colección Biblioteca de origen Biblioteca actual Ubicación en estantería Fecha de adquisición Fuente de adquisición Total de préstamos Signatura topográfica completa Código de barras Visto por última vez Precio de reemplazo Tipo de ítem Koha
        Libros del s. XIX Biblioteca del Ateneo de Madrid Biblioteca del Ateneo de Madrid Depósito 2 17/01/2008     F-5025 1171963 23/02/2023 23/02/2023 Libro impreso antiguo